Myth & Magic Oaxaca (Record no. 9761)

MARC details
000 -CABECERA
campo de control de longitud fija 01500nam a2200313 a 4500
001 - NÚMERO DE CONTROL
campo de control BRL_949
005 - FECHA Y HORA DE LA ÚLTIMA TRANSACCIÓN
campo de control 20190320210952.0
008 - DATOS DE LONGITUD FIJA--INFORMACIÓN GENERAL
campo de control de longitud fija 281013s1994----mx-a######---#000-0#eng-#
020 ## - NÚMERO INTERNACIONAL ESTÁNDAR DEL LIBRO
Número Internacional Estándar del Libro 0963692224
041 ## - CÓDIGO DE LENGUA
Código de lengua del texto/banda sonora o título independiente engspa
044 ## - CÓDIGO DEL PAÍS DE LA ENTIDAD EDITORA/PRODUCTORA
Código MARC del país mx
050 #4 - SIGNATURA TOPOGRÁFICA DE LA BIBLIOTECA DEL CONGRESO
Número de clasificación GR115.5.O29
Número de documento/Ítem .M97 1994
245 10 - MENCIÓN DE TÍTULO
Título Myth & Magic Oaxaca
Resto del título Oaxaca past and present, Palo Alto Cultural Center, Palo Alto, California, August 21-November 2, 1994 = Mito y magia : Oaxaca pasado y presente, Centro Cultural de Palo Alto, Palo Alto, California, 21 de agosto-2 de noviembre 1994.
260 ## - PUBLICACIÓN, DISTRIBUCIÓN, ETC.
Lugar de publicación, distribución, etc. Oaxaca, México : Palo Alto, California
Nombre del editor, distribuidor, etc. Oaxaca de Juárez : Palo Alto Cultural Center
Fecha de publicación, distribución, etc. 1994
300 ## - DESCRIPCIÓN FÍSICA
Extensión 96 p.
Otras características físicas il.
Dimensiones 28 cm.
500 ## - NOTA GENERAL
Nota general ej.1 Au1022, ej.2 Au1851
500 ## - NOTA GENERAL
Nota general La biblioteca cuenta con 2 ejemplares
500 ## - NOTA GENERAL
Nota general La exposición y catálogo fueron curados y organizados por Mary Jane Gagnier de Mendoza and Linda Craighead para la ciudad de Oaxaca de Juárez, Oaxaca, México, y el Centro Cultural de Palo Alto, Palo Alto, California
650 14 - PUNTO DE ACCESO ADICIONAL DE MATERIA--TÉRMINO DE MATERIA
Término de materia o nombre geográfico como elemento de entrada Cuentos
Subdivisión general Exposiciones
Subdivisión geográfica Oaxaca (México)
9 (RLIN) 25416
650 14 - PUNTO DE ACCESO ADICIONAL DE MATERIA--TÉRMINO DE MATERIA
Término de materia o nombre geográfico como elemento de entrada Mitología
Subdivisión general Exposiciones
Subdivisión geográfica Oaxaca (México)
9 (RLIN) 25417
650 14 - PUNTO DE ACCESO ADICIONAL DE MATERIA--TÉRMINO DE MATERIA
Término de materia o nombre geográfico como elemento de entrada Pintura mexicana
Subdivisión general Exposiciones
Subdivisión geográfica Oaxaca (México)
9 (RLIN) 25418
700 1# - PUNTO DE ACCESO ADICIONAL--NOMBRE DE PERSONA
Nombre de persona Gagnier de Mendoza, Mary Jane
9 (RLIN) 25419
700 1# - PUNTO DE ACCESO ADICIONAL--NOMBRE DE PERSONA
Nombre de persona Craighead, Linda
9 (RLIN) 25420
710 2# - PUNTO DE ACCESO ADICIONAL--NOMBRE DE ENTIDAD CORPORATIVA
Nombre de entidad corporativa o nombre de jurisdicción como elemento de entrada Palo Alto Cultural Center
9 (RLIN) 25421
710 2# - PUNTO DE ACCESO ADICIONAL--NOMBRE DE ENTIDAD CORPORATIVA
Nombre de entidad corporativa o nombre de jurisdicción como elemento de entrada Oaxaca de Juárez (México)
9 (RLIN) 25422
740 0# - PUNTO DE ACCESO ADICIONAL--TÍTULO RELACIONADO O ANALÍTICO NO CONTROLADO
Título relacionado o analítico no controlado Mito y Magia : Oaxaca Pasado y Presente
902 ## - CATALOGADOR
Iniciales GRL
942 ## - ELEMENTOS DE PUNTO DE ACCESO ADICIONAL (KOHA)
Fuente del sistema de clasificación o colocación Library of Congress Classification
Tipo de ítem Koha Libros
Holdings
Estado de retiro Estado de pérdida Estado dañado No para préstamo Localización permanente Ubicación/localización actual Fecha de adquisición Total de préstamos Signatura topográfica completa Código de barras Fecha visto por última vez Precio válido a partir de Tipo de ítem Koha
El ejemplar forma parte de la colección y puede ser consultado según las políticas vigentes.       Biblioteca Centro de Estudios Ruth D. Lechuga Biblioteca Centro de Estudios Ruth D. Lechuga 28/10/2013   GR115.5.O29 .M97 1994 GRL01025 22/03/2019 22/03/2019 Libros
El ejemplar forma parte de la colección y puede ser consultado según las políticas vigentes.       Biblioteca Centro de Estudios Ruth D. Lechuga Biblioteca Centro de Estudios Ruth D. Lechuga 11/01/2016   GR115.5.O29 .M97 1994 GRL01836 22/03/2019 22/03/2019 Libros